[Event "Stare Mesto op"]
[Site "Stare Mesto"]
[Date "2014.08.08"]
[Round "1"]
[White "Janas, Vladimir"]
[Black "Zpevak, Pavel"]
[Result "0-1"]
[WhiteElo "1859"]
[BlackElo "2362"]
[PlyCount "31"]
[EventDate "2014.08.08"]
[EventType "swiss"]
[EventRounds "10"]
[EventCountry "CZE"]
[SourceTitle "CBM 162 Extra"]
[Source "ChessBase"]
[SourceDate "2014.10.17"]
[SourceVersion "1"]
[SourceVersionDate "2014.10.17"]
[SourceQuality "1"]

1. c4 Nf6 2. Nc3 e6 3. e4 c5 4. e5 Ng8 5. f4 Nc6 6. Nf3 d6 7. d4 cxd4 8. Nxd4 dxe5 9. Nxc6 Qxd1+ 10. Kxd1 bxc6 11. fxe5 Ne7 12. g3 Ba6 13. Be2 Ng6 14. Re1 0-0-0+ 15. Kc2 Rd4 16. b3 0-1